000 00521 a2200169 4500
999 _c3012
_d3012
020 _a9789041118257
050 _aJC571 TOM 2000
100 _eAuthor
245 _aResponding to human rights violations
264 _aThe Hague ; Boston :
_bMartinus Nijhoff Publishers,
_c2000
300 _axiv, 420 p.
440 _aInternational studies in human rights ; v. 63
500 _aIncludes bibliographical references and indexes
650 _aHuman rights
650 _aEconomic sanctions
942 _2lcc
_cBK
_h571
_iTOM
_kJC